Mangas et anime - Quiz par lettre - Y - Statistiques

Statistiques générales
  • Ce quiz a été pris 237 fois
  • Le résultat moyen est 10 sur 20
Statistiques - réponses
Indice Réponse % Correct
Nom de famille de Light, dans Death Note Yagami
97%
Manga et anime sur un jeu de carte invoquant des monstres tel que le Magicien Sombre Yu-Gi-Oh!
84%
Manga sur un jeune pianiste incapable de jouer et une violoniste enthousiaste Your Lie in April
75%
Dans l'Attaque des Titans, elle est l'ancêtre de tous les Titans Ymir
74%
Mangas mettant en scène une romance homosexuelle entre hommes Yaoi
71%
Dans Dragon Ball, il est accompagné de Pual et est le premier petit-ami de Bulma Yamcha
69%
Mot japonais pour désigner les Quatre Empereurs dans One Piece Yonko
67%
Prénom commun au rival d'Asta dans Black Clover et à psychopathe de Mirai Nikki Yuno
60%
Anime adaptation d'un jeu de Level-5 dans lequel un garçon se sert d'une montre qui révèle la présence d'esprit Yo-kai Watch
53%
L'équivalent du précédent mais entre femmes Yuri
53%
Dans My Hero Academia, Overhaul en est un Yakuza
46%
Type de personnages au début gentil mais dont l'obsession pour un personnage tourne à la psychose Yandere
45%
Arbre légendaire de la mythologie nordique donnant son nom au jeu vidéo d'Overlord Yggdrasil
43%
Dieu laxiste protagoniste de Noragami Yato
35%
Manga dont le protagoniste devient un détective des ténèbres après sa résurrection Yu Yu Hakusho
33%
Dans Dragon Ball, samouraï coupant la queue de Vegeta en forme Oozaru Yajirobé
32%
Antagoniste principale de la quatrième partie de Jojo's Bizarre Adventure Yoshikage Kira
29%
Dans Demon Slayer, il est le compagnon de voyage de Tamayo Yushiro
15%
Complétez ce titre: ______, le cuirassé de l'espace Yamato
11%
Nom de famille de Joe, protagoniste d'Ashita no Joe Yabuki
6%
Aucun quiz correspondant
Distribution des résultats
% des personnes avec chaque résultat
Percentile par nombre de réponses
Votre historique - résultats
Vous n’avez pas pris ce quiz